000 00615nam a2200229Ia 4500
003 OSt
005 20220924115253.0
006 a|||||r|||| 00| 0
007 ta
008 220923b |||||||| |||| 00| 0 urd d
024 _a314065
037 _cTextual
040 _aARTS
_cARTS
_burd
041 _2urd
_aurd
082 _aO168,1MQAx, G8
100 _aAsad-Ur-Rahman Qudusi
_9177495
245 0 _aNaghmat
260 _aDelhi
_bAnjuman Taraqqi Urdu India
_c1938
650 _aURDU POETRY
942 _hO168,1MQAx, G8
_cTEXL
_2CC
999 _c397545
_d397545